| Registos Bibliográficos associados ao registo de autoridade |
|
Etiqueta de registo: 00604cam 02200205 04500 001 2227114 003 http://id.bnportugal.gov.pt/bib/catbnp/2227114 100 ## $a20250925f19101919m y0pory01030103ba 101 0# $afre 102 ## $aFR 106 ## $ar 200 1# $aSous-offs$eroman militaire 210 #9 $aParis$cArthéme Fayard,$d[191-] 215 ## $a155, [3] p. 225 2# $aModern-bibliothèque$v68 675 ## $a821.133.1-31"18/19"$vBN$zpor$3549066 700 #1 $aDescaves,$bLucien,$f1861-1949$337088 702 #1 $aThiriat,$bPaul$4440$31967418 801 #0 $aPT$bBN$gRPC 966 ## $lBN$mFGMON$sL. 181158 V.$x3 971 ## $cisantos$d20250925 973 ## $cigoulao$d20260325
|
|
|